International marketing :

Bibliographic Details
Main Author: Burca, Sean de
Other Authors: Fletcher, Richard, Brown, Linden
Format: Book
Language:English
Published: Harlow, England : Financial Times Prentice Hall, 2004.
Subjects:
Classic Catalogue: View this record in Classic Catalogue
LEADER 00963nam a2200265 a 4500
001 13459783
008 090617s2004 eng 000 0 eng d
010 |a \\2004040414 
020 |a 9780273673231 
020 |a 0273673238 
040 |a DLC  |c DLC 
082 0 0 |a 658.8/48  |2 22 
100 1 |a Burca, Sean de 
245 0 0 |a International marketing :  |a n SME perspective /  |c Sean de Burca, Richard Fletcher, Linden Brown. 
260 |a Harlow, England :  |b Financial Times Prentice Hall,  |c 2004. 
300 |a xxxii, 720 p. :  |b ill. ;  |c 28cm. 
504 |a Includes bibliographical references and index. 
541 1 |e 00015936 
700 1 |a Fletcher, Richard 
700 1 |a Brown, Linden. 
650 0 |a International marketing 
852 4 |a Ayesha Abed Library  |j General shelf 
942 0 0 |0 1 
999 |c 1454  |d 1454 
952 |0 0  |1 0  |2 ddc  |4 0  |6 658_848000000000000_BUR  |7 0  |9 1333  |a BRACUL  |b BRACUL  |c GEN  |d 2009-06-28  |l 2  |m 32  |o 658.848 BUR  |p 3010015936  |r 2017-03-02  |s 2017-02-11  |t 1  |w 2009-06-28  |y BK